| 000 | 00462nam a2200157Ia 4500 | ||
|---|---|---|---|
| 999 |
_c5745 _d5745 |
||
| 003 | OSt | ||
| 005 | 20200128122321.0 | ||
| 008 | 190216s9999||||xx |||||||||||||| ||und|| | ||
| 040 | _coclc | ||
| 082 |
_a346.07 _bMIT/B |
||
| 100 |
_aMittal, A K _91571 |
||
| 245 | 0 |
_aBusiness Law / _cA K Mittal ; S B Agarwal |
|
| 260 |
_bSanjeeva Prakashan Publishers, _c1987. _aMeerut: |
||
| 300 | _a360p | ||
| 942 |
_cBK _2ddc _h346.07 _iMIT/B _k346.07 _mMIT/B |
||